[Event "NRW-ch U18"]
[Site "Kranenburg"]
[Date "2007.04.10"]
[Round "3"]
[White "Krieg, Fabian"]
[Black "Eiersbrock, Robin"]
[Result "1/2-1/2"]
[WhiteElo "1659"]
[BlackElo "2000"]
[PlyCount "56"]
[EventDate "2007.04.09"]
[EventType "swiss"]
[EventRounds "7"]
[EventCountry "GER"]
[SourceTitle "EXT 2008"]
[Source "ChessBase"]
[SourceDate "2007.11.25"]
[SourceVersion "1"]
[SourceVersionDate "2007.11.25"]
[SourceQuality "1"]

1. e4 d6 2. d4 Nf6 3. Nc3 g6 4. f4 Bg7 5. Nf3 c6 6. Bd3 Qa5 7. Bd2 Bg4 8. Qe2 Qb6 9. Qf2 Bxf3 10. gxf3 Nbd7 11. 0-0-0 e5 12. fxe5 dxe5 13. Be3 exd4 14. Bxd4 Qc7 15. Be2 0-0 16. h4 h5 17. f4 Kh7 18. Rhg1 Bh6 19. Be3 Rg8 20. e5 Nd5 21. Nxd5 cxd5 22. Rxd5 Rae8 23. Bb5 Re7 24. Rgd1 Nb6 25. Bxb6 axb6 26. Kb1 Rc8 27. Rd7 Rxd7 28. Rxd7 Rd8 1/2-1/2

[Event "NRW U18 op"]
[Site "Olpe"]
[Date "2005.10.04"]
[Round "7.20"]
[White "Karmann, Anna"]
[Black "Krieg, Fabian"]
[Result "1-0"]
[WhiteElo "1721"]
[BlackElo "1421"]
[PlyCount "63"]
[EventDate "2005.10.01"]
[EventType "swiss"]
[EventRounds "7"]
[EventCountry "GER"]
[SourceTitle "CBM 108 Extra"]
[Source "ChessBase"]
[SourceDate "2005.11.04"]
[SourceVersion "1"]
[SourceVersionDate "2005.11.04"]
[SourceQuality "1"]

1. c4 c5 2. Nc3 d6 3. g3 Bd7 4. Bg2 Nc6 5. e3 g6 6. Nge2 Bg7 7. 0-0 Nf6 8. d4 cxd4 9. exd4 Qc8 10. Be3 h5 11. h4 Ng4 12. Rc1 Nxe3 13. fxe3 Bh6 14. Nd5 Be6 15. Nef4 Qd7 16. Nxe6 Qxe6 17. Nc7+ Kd7 18. Nxe6 fxe6 19. Bxc6+ bxc6 20. Qd3 Rab8 21. b3 g5 22. hxg5 Bxg5 23. Kf2 h4 24. gxh4 Bxh4+ 25. Ke2 Rhg8 26. Rg1 Rbf8 27. Rxg8 Rxg8 28. Qe4 Bf6 29. d5 exd5 30. cxd5 cxd5 31. Qxd5 Rh8 32. Qf5+ 1-0

[Event "NRW U18 op"]
[Site "Olpe"]
[Date "2005.10.02"]
[Round "4.34"]
[White "Krieg, Fabian"]
[Black "Werrn, Pascal"]
[Result "1-0"]
[WhiteElo "1421"]
[BlackElo "1027"]
[PlyCount "120"]
[EventDate "2005.10.01"]
[EventType "swiss"]
[EventRounds "7"]
[EventCountry "GER"]
[SourceTitle "CBM 108 Extra"]
[Source "ChessBase"]
[SourceDate "2005.11.04"]
[SourceVersion "1"]
[SourceVersionDate "2005.11.04"]
[SourceQuality "1"]

1. e4 c5 2. Nf3 e6 3. d4 cxd4 4. Nxd4 Bc5 5. Nb3 Bb6 6. Nc3 Ne7 7. Bd3 0-0 8. Qg4 d5 9. exd5 exd5 10. Qh4 Bf5 11. Bxf5 Nxf5 12. Qg4 Re8+ 13. Ne2 Nd6 14. Bh6 Qf6 15. Bf4 Ne4 16. 0-0 Nc6 17. Rad1 Ne5 18. Bxe5 Rxe5 19. Nbd4 Rae8 20. c3 Rg5 21. Qh3 Rg6 22. Rde1 Rh6 23. Qd3 Bc7 24. Ng3 Kf8 25. Ndf5 Rg6 26. Qxd5 Re5 27. Qxb7 Nxg3 28. Nxg3 Rxe1 29. Rxe1 Bb6 30. Qc8+ Qd8 31. Qc4 Bxf2+ 32. Kxf2 Qd2+ 33. Qe2 Rf6+ 34. Kg1 Qxe2 35. Rxe2 g6 36. Re4 Kg7 37. Ra4 a6 38. c4 h5 39. c5 Rc6 40. Rc4 f5 41. b4 Kf6 42. Kf2 Ke5 43. Ke2 Re6 44. Kd3 Rc6 45. a4 Ke6 46. Ne2 g5 47. b5 axb5 48. axb5 Rc8 49. Kc3 Kd5 50. Kb4 Re8 51. Nc3+ Ke6 52. b6 Rb8 53. Kb5 h4 54. c6 h3 55. gxh3 g4 56. hxg4 fxg4 57. Rxg4 Rf8 58. Rc4 Rh8 59. b7 Rxh2 60. b8Q Rb2+ 1-0